000
00274nam a22001097a 4500
082
_a
552 JOH'D
100
_a
JOHANNSEN, A
_9
78016
245
_a
A DESCRIPTIVE PETROGRAPHY OF THE IGNEOUS ROCKS
260
_a
LONDON
_b
UNIVERSITY OF CHIEAGO
_c
1973
300
_a
360P
942
_c
BK
999
_c
583177
_d
583177